Výpočet prenosových charakteristík monomódových optických vláken a optimalizácia profilu indexu lomu z hľadiska disperzie : Úloha ŠPZV: III-7-7/03

Saved in:
Bibliographic Details
Main Author: Červeňová, Jozefa, 1958- (Author)
Other Authors: Jasenek, Jozef, 1947- (Research team head)
Format: Book
Published: Bratislava : SVŠT v Bratislave EF, 1990
Tags: Add Tag
No Tags, Be the first to tag this record!

MARC

LEADER 00000nam a22000003a 4500
001 stu235204
005 20150617230141.4
008 110930s1985----------------------------d
040 |a STU  |b slo 
041 0
100 1 |a Jasenek, Jozef,  |d 1947-  |4 rth  |u E040  |U FEI Fakulta elektrotechniky a informatiky  |T FEI Ústav elektrotechniky  |X 2175  |U E040  |Y 550  |7 A000002175 
245 1 |a Výpočet prenosových charakteristík monomódových optických vláken a optimalizácia profilu indexu lomu z hľadiska disperzie :  |b Úloha ŠPZV: III-7-7/03 
260 |a Bratislava :  |b SVŠT v Bratislave EF,  |c 1990 
300 |a 29 s 
700 1 |a Červeňová, Jozefa,  |d 1958-  |4 aut  |u E040  |U FEI Fakulta elektrotechniky a informatiky  |T FEI Ústav elektrotechniky  |X 1940  |U E040  |Y 550  |7 A000001940 
996 |b EVYSK-S-469  |c E*VYSK-S-469  |l E  |s P  |a 0  |w stu235204_0001